| 000 | 00472nam a2200193Ia 4500 | ||
|---|---|---|---|
| 005 | 20240823030716.0 | ||
| 008 | 240823s9999||||xx |||||||||||||| ||und|| | ||
| 020 | _a978-81-312-2321-5 | ||
| 041 | _aENGLISH | ||
| 082 | _A620.11 P9 | ||
| 100 | _aTraugott Fischer | ||
| 245 | 0 | _aMaterials Science for Engineering Students | |
| 250 | _a1st | ||
| 260 |
_c2009 _bAcademic |
||
| 500 | _aYES | ||
| 650 |
_aMaterials Science _bMechanical |
||
| 942 | _cBK | ||
| 999 |
_c189341 _d189341 |
||